British TV Shows Part 2 - Statistics

General Stats
  • This quiz has been taken 751 times
  • The average score is 15 of 25
Answer Stats
Hint Answer % Correct
'Famous' people decide to live in a jungle for a few weeks to make a bit of extra cash. I'm a Celebrity... Get me out of Here!
86%
Classic animated show that began in 1981 which regularly involves a black and white cat and a red van. Postman Pat
83%
Tinky-Winky, Dipsy, Laa-Laa, Po. Controversy over the red handbag carried around by one of the male characters. Teletubbies
83%
Answer 15 consecutive questions to reach the ultimate top prize with various lifelines for help. Who Wants to be a Millionaire?
79%
1960's Puppet show set on Tracy Island. Thunderbirds
78%
Famous for its popular catchphrases, a 'disabled' man in a wheelchair and 'the only gay in the village'. Little Britain
76%
Opening a box has never been so exciting... or depressing. Guaranteed at least a penny by the end. Deal or No Deal
73%
Sci-fi sitcom involving a human, a hologram, a cat and a robot. Red Dwarf
73%
Getting investment is difficult as the investors usually declare themselves 'out' as soon as possible. Levi Roots is a rare exception. Dragons' Den
72%
East London's Sun Hill Police Station finally closed its doors in 2010. The Bill
72%
The same group of holidaymakers meet in Spain year after year. 'Solana' all-inclusive hotel. Benidorm
68%
'Old school' version of Waterloo Road that started in 1978. Grange Hill
61%
Reynholm Industries wouldn't be able to cope wothout it's basement computing deptartment. The IT Crowd
60%
'Keep out of the black, and in the red; there's nothing in this game for two in a bed'. Grand Prize's can include a car or a speedboat. Bullseye
57%
Based off a series of children's books. Jacqueline Wilson, Dani Harmer, The Dumping Ground. The Story of Tracy Beaker
56%
Set across four time periods. Voted the second best British sitcom of all time. Blackadder
55%
Red Tomato vs Green Pepper. Time limit to prepare the best dish finally ran out in 2010. Ready Steady Cook
55%
Intellectual panel show with a bizarre scoring system. QI
51%
Popular Saturday morning show featuring a unique phone-in opportunity for children during the 70's and 80's. Multi-Coloured Swap Shop
48%
Primarily set in the 90's within a small village. Guest appearances by Johnny Depp, Kylie Minogue and Sarah Ferguson. The Vicar of Dibley
45%
Partly scripted/semi-improvised sitcom. Pete, Sue, Jake, Ben, Karen Brockman. Outnumbered
44%
Late night political debate show formed from a radio show with a similar name. Question Time
44%
Dark comedy set in 'Royston Vasey'. Only local people are welcome here. The League of Gentlemen
41%
Spin-off drama from another show which is set in the same building. Holby City
33%
Dark crime drama set in London which ended its TV series in 2013. Luther
15%
No matching quizzes found
Score Distribution
Percent of People with Each Score
Percentile by Number Answered
Your Score History
You have not taken this quiz